| 000 | 00464nam a2200169 a 4500 | ||
|---|---|---|---|
| 001 | 0000-9072 | ||
| 003 | ELIB.Books | ||
| 008 | 110520 1974 | ||
| 035 | _a(ELIB.Books)0000-9221 | ||
| 082 |
_a225.7 _bMor |
||
| 100 | _aMorris, Canon Leon | ||
| 245 | _aTyndale (The Gospel According to St. Luke) | ||
| 260 |
_bGrand Rapids: Wm. B. Eerdmans Publishing Co. _c1974 |
||
| 650 | _aCommentaries | ||
| 942 |
_2ddc _cBK |
||
| 998 |
_cbat _e2011-05-20 |
||
| 999 |
_c9072 _d9072 |
||